Регионална библиотека "Любен Каравелов" - Русе

Тайното учение на Питагор (Запис номер 400757)

MARC детайли
000 -Лидер
Контролно поле с фиксирана дължина 02253nam a2200421 c 4500
003 - Код на организацията, давaща контролен номер
Контролно поле BLK
005 - Дата и час на последна редакция
Контролно поле 20210317135953.0
008 - Елементи от данни с фиксирана дължина
fixed length control field 180408b bul|||||r ||||||| ||bul||
010 ## - Наследен системен номер
LC control number KNG00086283000
020 ## - Международен стандартен номер на книга ISBN
Международен стандартен номер на книга ISBN 9789547870567
040 ## - Източник на каталожния запис
Идентификатор на билиотеката - собственик на записа BLK
041 ## - Код за език
Код за езика на текст/звукозапис или на отделно заглавие Български
Код за езика КДБФ Български
080 ## - УДК
Текстов определител УДК Парапсихология. Нумерология. - Халюцинации, пророчества, предсказания, магии, демонология, телепатия, спиритизъм, илюзии, нумерология, мошеничество. Вж и 133 ; 398.4 ; 615.851
УДК код - определител по УДК 159.961
УДК определител .003.35(02.062)
УДК - код + определител 159.961.003.35(02.062)
080 ## - УДК
Текстов определител УДК Общи работи. Философски науки в цялост
УДК код - определител по УДК 101
УДК определител (091)(38)(092)
УДК - код + определител 101(091)(38)(092)
080 ## - УДК
Текстов определител УДК Игри с карти - Бридж, скат, пикет, покер, пасианс, Черен Петър, гледане на карти, хазартни игри с ка
УДК код - определител по УДК 794.4
УДК определител (084)
УДК - код + определител 794.4(084)
139 ## - Редно поле
Редна дума Тайното учение на Питагор
Авторски знак Таинс - Т 20
245 10 - Сведения за заглавието
Заглавие Тайното учение на Питагор
Подзаглавни данни Гадаене с числа
Редно поле (дума) състав. и текст Мария Василева Арабаджиева; състав. и текст Явор Иванов.
257 ## - Страна на издаване
Страна на създаване/издаване България
260 ## - Област на издателските данни
Име на издателя, разпространителя и проч. Мириам
Година на издаване 2008
Печатница София : Мултипринт
300 ## - Физическа характеристика
Страници 118 с.
Илюстрации и др. с ил.
Размери/Мащаб 22 см
Съпровождащи материали 12 карти
380 ## - Жанр
Жанр Философия
490 ## - СЕРИИ (Колекции)
Име на серия Колекция Ars divinatoria
№: серия C625-4128
9 (RLIN) 203896
500 ## - Общи забележки
Забележка Пълното име на Я. Иванов е Явор Иванов Седефов
650 #4 - Допълнително описание по предмет – тема
Основно описание – тема или топоним Предсказания
9 (RLIN) 167581
650 #4 - Допълнително описание по предмет – тема
Основно описание – тема или топоним Символи и знаци
9 (RLIN) 247835
650 #4 - Допълнително описание по предмет – тема
Основно описание – тема или топоним Философи, древногръцки
9 (RLIN) 247954
653 ## - Ключова дума – ненормативна
Ключова дума предсказания
653 ## - Ключова дума – ненормативна
Ключова дума символи
653 ## - Ключова дума – ненормативна
Ключова дума знаци
653 ## - Ключова дума – ненормативна
Ключова дума философи
700 1# - Други автори (авторска отговорност)
Лично име Арабаджиева, Мария Василева
Автороска отговорност (Описва отношението между автора и произведението) състав. и текст
9 (RLIN) 371411
700 1# - Други автори (авторска отговорност)
Лично име Иванов, Явор
Автороска отговорност (Описва отношението между автора и произведението) състав. и текст
9 (RLIN) 368106
856 4# - Електронен адрес и достъп
Електронен формат pdf - файл
856 4# - Електронен адрес и достъп
Електронен формат pdf - файл
999 ## - СИСТЕМНИ КОНТРОЛНИ НОМЕРА
Koha biblionumber 400757
Koha biblioitemnumber 400757
942 ## - АРТИКУЛИ
Вид на библиотечния материал Книги
Скрит в OPAC Не
Периодичен библиозапис Да
944 ## - СЪЗДАВАНЕ И РЕДАКЦИЯ на ЗАПИСА
Създаване/Редакция Създаване
Дата на регистрацията/редакция 2021-03-12
Статус, дата на статуса 2021-03-12
999 ## - СИСТЕМНИ КОНТРОЛНИ НОМЕРА
Koha biblioitemnumber 400757
999 ## - СИСТЕМНИ КОНТРОЛНИ НОМЕРА
Koha biblioitemnumber 81764
Наличности
Код за отписване Код за изгубен артикул Източник на класификационната схема Код за повреда Коз за рестрикции Код за отдаване Артикулен № Име на библиотеката - собственик Име на библиотеката, в която се намира в момента Статус (Текущо местоположение) Дата на вписване в системата Местоположение - отдел Цена в лева Систематично азбучна сигнатура Баркод Цена в евро Служебен тип на артикула
  Не е изгубен Universal Decimal Classification Не е повреден само за читалня ползва се в читалня 816116 Регионална библиотека "Любен Каравелов" Русе Регионална библиотека "Любен Каравелов" Русе Хранилище 2021-03-15 Основен фонд - ползва се само за читалня 10.00 Цб 307158 120000853314 5.11 Книги
Vip Innovations Ltd, Rousse, Bulgaria 2025